| 000 | 00655nam a22001817a 4500 | ||
|---|---|---|---|
| 999 |
_c61704 _d61704 |
||
| 005 | 20240418155523.0 | ||
| 008 | 240418s2005 enk||||| |||| 00| 0 eng d | ||
| 020 | _a9781929007455 | ||
| 041 | _aeng | ||
| 080 | _a616.8 B-92 | ||
| 100 |
_aBuja, L. Maximilian _921868 |
||
| 245 |
_aNetter's Illustrated Human Pathology / _cL. Maximilian Buja, Gerhard R. F. Krueger. |
||
| 300 |
_a526 p.: _bill. ; _c28 cm. |
||
| 653 | _aილუსტრირებული ადამიანის პათოლოგია | ||
| 653 | _aმედიცინა | ||
| 700 |
_aKrueger, Gerhard R. F. _eავტორი _921869 |
||
| 942 |
_2udc _cᲬᲘᲒᲜᲘ |
||